Name Names 2 - Famous peoples names: - Statistics

General Stats
  • This quiz has been taken 40 times
  • The average score is 13 of 20
Answer Stats
Category Name clue Name % Correct
A genius, relatively speaking: Albert ? Einstein
97%
Jamaican Reggae Legend: Bob ? Marley
94%
First person to stand on the Moon, US astronaut: ? Armstrong Neil
86%
Lincoln's assassin: John ? Booth Wilkes
80%
English Capt. of the HMS Endeavour. Killed Hawaii: James ? Cook
77%
Founder of the Mongol empire ? Khan Genghis
74%
American aviation pioneer and author, lost in the Pacific Ocean. Amelia ? Earhart
71%
Swedish chemist, engineer, inventor, prizegiver: Alfred ? Nobel
71%
35th US President, killed Dallas 1963: John ? Kennedy Fitzgerald
69%
Exotic dancer, executed as spy during First World War. Mata ? Hari
69%
Mexican female surrealist painter: Frida ? Kahlo
69%
6th US President. Eldest son of a former President. John ? Adams Quincy
69%
First Englishman to circumnavigate the earth on HMS Pelican. Francis ? Drake
66%
American author of "Little Women": Louisa ? Alcott May
66%
French singer known as the 'Little Sparrow': Edith ? Piaf
66%
Mother of Queen Elizabeth I: Anne ? Boleyn
60%
The smallpox vaccine was invented in 1796 by this English physician: Edward ? Jenner
46%
Scottish inventor, world's first live working television 1926: John ? Baird Logie
31%
Captain of the Titanic: Edward ? Smith
29%
German inventor of the Diesel engine: ? Diesel Rudolf
11%
No matching quizzes found
Score Distribution
Percent of People with Each Score
Percentile by Number Answered
Your Score History
You have not taken this quiz